Climatological data, Hawaii section.

Bibliographic Details
Corporate Author: United States. Weather Bureau
Format: Government Document eBook
Language:English
Published: [Washington] : Honolulu, Hawaii, 1915.
Subjects:
Online Access:Connect to the full text of this electronic document

MARC

Tag First Indicator Second Indicator Subfields
LEADER 00000cam a22000001a 4500
001 in00003784821
005 20190408184804.0
006 m o d f
007 cr bn mmmapmmp
008 141211s1915 dcu o f000 0 eng d
035 |a ebd1910511719 
040 |a UMI  |c UMI  |d UtOrBLW 
086 0 |a A 29.34:915/1 
099 |a A29.34-3 
110 1 |a United States.  |b Weather Bureau.  |0 http://id.loc.gov/authorities/names/n79049341 
245 1 0 |a Climatological data, Hawaii section. 
264 1 |a [Washington] :  |b Honolulu, Hawaii,  |c 1915. 
300 |a 1 online resource (132 pages) 
336 |a text  |b txt  |2 rdacontent 
337 |a computer  |b c  |2 rdamedia 
338 |a online resource  |b cr  |2 rdacarrier 
500 |a Monthly report on weather conditions and phenomena for Hawaii. Reports include observations on air pressure, temperature, precipitation, cloud cover, wind, humidity, and dew point. Reports also include detailed climatological data by weather station and island, including daily precipitation and temperature; and lists of weather observers and maps. 
533 |a Electronic reproduction.  |b [Bethesda, Md.] :  |c ProQuest,  |d 2014.  |e digital, PDF file.  |n ProQuest U.S. Executive Branch Documents  |n Mode of access: World Wide Web via ProQuest website. 
588 |a Record is based on online resource; title from PDF title page (ProQuest, last viewed Dec. 2014). Reuse except for individual research requires license from ProQuest, LLC. 
500 |a Electronic resource. 
650 0 |a Precipitation anomalies.  |0 http://id.loc.gov/authorities/subjects/sh2004002179 
650 0 |a Temperature.  |0 http://id.loc.gov/authorities/subjects/sh85133712 
650 0 |a Weather.  |0 http://id.loc.gov/authorities/subjects/sh85145843 
650 0 |a Winds.  |0 http://id.loc.gov/authorities/subjects/sh85146948 
655 7 |a Electronic books.  |2 local 
856 4 0 |u http://proxy.library.tamu.edu/login?url=http://congressional.proquest.com/congressional/docview/t66.d71.a29.34-3  |z Connect to the full text of this electronic document  |t 0 
999 f f |s 8d15988c-76f4-3204-9907-03b6b8e78b16  |i c319846e-1aee-3af8-9982-5bb0b3f43020  |t 0 
952 f f |a Texas A&M University  |b College Station  |c Electronic Resources  |d Available Online  |t 0  |h No information provided 
998 f f |t 0  |l Available Online